kingdom hearts - Statistics

General Stats
  • This quiz has been taken 5 times
  • The average score is 23 of 57
Answer Stats
Hint Answer % Correct
kh1 three wishes
100%
kh1 kingdom key
75%
kh2 kingdom key
75%
kh3 kingdom key
75%
kh1 oblivion
75%
kh2 oblivion
75%
kh3 oblivion
75%
kh1 pumpkinhead
75%
kh1 Ultima weapon
75%
kh2 Ultima weapon
75%
kh3 ultima weapon
75%
kh2 circle of life
50%
kh1 divine rose
50%
kh2 fenrir
50%
kh2 gullwing
50%
kh1 lionheart
50%
kh1 metal chocobo
50%
kh1 oathkeeper
50%
kh2 oathkeeper
50%
kh3 oathkeeper
50%
kh1 olympia
50%
kh1 one winged angel
50%
kh2 star seeker
50%
kh2 bond of flames
25%
kh3 classic tone
25%
kh1 crabclaw
25%
kh3 crystal snow
25%
kh2 decisive pumpkin
25%
kh1 diamond dust
25%
kh3 ever after
25%
kh1 fairy harp
25%
kh2 fatal crest
25%
kh3 favorite deputy
25%
kh2 follow the wind
25%
kh3 grand chef
25%
kh2 guardian soul
25%
kh3 happy gear
25%
kh2 hero's crest
25%
kh3 hero's origin
25%
kh2 hidden dragon
25%
kh3 hunny spout
25%
kh1 jungle king
25%
kh1 lady luck
25%
kh2 monochrome
25%
kh2 mysterious abyss
25%
kh3 nano gear
25%
kh2 photon debugger
25%
kh2 rumbling rose
25%
kh2 sleeping lion
25%
kh1 spellbinder
25%
kh3 starlight
25%
kh2 sweet memories
25%
kh2 two become one
25%
kh3 wheel of fate
25%
kh2 winner's proof
25%
kh2 wishing lamp
25%
kh1 wishing star
25%
No matching quizzes found
Score Distribution
Percent of People with Each Score
Percentile by Number Answered
Your Score History
You have not taken this quiz